Statistics for Countries by Smaller Neighbour Chain in 90 Seconds - Lite

Click here to take the quiz!

General Stats

  • This quiz has been taken 320 times
  • The average score is 100 of 157

Answer Stats

Country % Correct
Brazil
100%
Sudan
100%
Libya
99%
Russia
99%
Niger
99%
France
99%
Monaco
99%
Algeria
99%
Chad
99%
Mali
98%
Germany
97%
Denmark
97%
China
97%
India
96%
Sri Lanka
96%
San Marino
94%
Vatican City
94%
Italy
94%
United States
93%
D. R. Congo
93%
Mauritania
93%
Iran
93%
Canada
93%
Peru
92%
Ukraine
92%
Turkey
90%
Morocco
89%
Argentina
88%
Mexico
88%
Portugal
87%
Lesotho
87%
Spain
87%
South Africa
87%
Romania
85%
Nigeria
85%
Colombia
85%
Angola
85%
Tanzania
85%
Hungary
84%
Central African
Republic
83%
Côte d'Ivoire
81%
Ethiopia
79%
Nicaragua
79%
Qatar
77%
Saudi Arabia
77%
Bolivia
77%
Myanmar
77%
Somalia
77%
Mozambique
76%
Burkina Faso
76%
Honduras
76%
Guatemala
75%
Thailand
75%
Austria
73%
Vietnam
71%
Greece
71%
Panama
70%
Benin
69%
Bulgaria
68%
Cameroon
68%
Namibia
68%
Indonesia
67%
Papua New Guinea
67%
Poland
67%
Serbia
67%
Ghana
67%
Guinea
67%
East Timor
67%
Sweden
66%
Rep. of the Congo
66%
Laos
66%
Chile
65%
Uruguay
65%
Ireland
63%
Iraq
63%
South Sudan
63%
United Kingdom
63%
Pakistan
62%
Zambia
62%
Venezuela
61%
Kazakhstan
61%
Croatia
60%
Kenya
60%
Yemen
59%
Belarus
59%
Finland
59%
Togo
59%
Lithuania
58%
Guyana
58%
Oman
57%
Latvia
57%
Afghanistan
57%
Gambia
56%
Senegal
56%
Belize
56%
Burundi
56%
Egypt
55%
Paraguay
54%
Turkmenistan
54%
Switzerland
54%
Gabon
54%
Albania
53%
Uganda
53%
Uzbekistan
53%
Netherlands
53%
Syria
52%
Macedonia
51%
Brunei
51%
Malaysia
51%
Belgium
51%
Bosnia and
Herzegovina
51%
South Korea
50%
Ecuador
50%
Dominican Republic
50%
Haiti
50%
North Korea
50%
Bhutan
49%
Montenegro
49%
Nepal
49%
Jordan
47%
Kosovo
47%
Suriname
47%
United Arab Emirates
47%
Kyrgyzstan
46%
Rwanda
46%
Estonia
45%
Norway
45%
Israel
44%
El Salvador
43%
Swaziland
43%
Liechtenstein
41%
Malawi
40%
Cambodia
39%
Botswana
39%
Eritrea
38%
Luxembourg
38%
Mongolia
38%
Czech Republic
37%
Andorra
37%
Tajikistan
36%
Costa Rica
36%
Azerbaijan
35%
Equatorial Guinea
35%
Liberia
35%
Georgia
33%
Djibouti
32%
Armenia
30%
Slovakia
30%
Zimbabwe
30%
Tunisia
28%
Slovenia
27%
Bangladesh
26%
Sierra Leone
25%
Guinea-Bissau
25%
Kuwait
23%
Moldova
22%
Lebanon
19%

Score Distribution

Percentile by Number Answered

Percent of People with Each Score

Your Score History

You have not taken this quiz